00935nam a2200253 a 4500001001000000003000500010005001700015008004100032010001100073011001100084040000900095100002800104245014100132260004100273500006000314502008600374650002700460650003100487650002900518650002100547700002700568856001600595856007000611000111830CHAP20220329144231.0150922s2015 mx a |sm |||||||spa d a108291 a109263 cCHAP1 aBata Huerta, Rosa Isela10aFormulación de una barra tipo "SNACK" nutracéutica y probióticah[En línea]cpor Rosa Isela Bata Huerta y Raul Flores Francisco. aChapingo, Méx. :bEl autor,c2015. aPara ver el contenido del material haga clic en la liga aTesis (Ing. Agroindustrial ) -- UACH. Departamento de Ingeniería Agroindustrial14aAlimentos balanceados.14aAlimentosxPreservación.14aAlimentosxSubproductos.14aEncapsulación.1 aFlores Francisco, Raul a1 n0000821 aFinding aiduhttp://10.13.5.2/tesis/sist111830.pdfzTeclea aquí